000 00641nam a22001577a 4500
003 OSt
005 20150910162216.0
008 150910b xxu||||| |||| 00| 0 eng d
040 _cRUA
082 _aAGR មាស 1995 B012 Or.1
100 _9268
_aមាស ប៉ូឡែត
245 _aការវាយតំលៃហេតុប៉ះពាល់បរិស្ថាន ក្នុងការអភិឌ្ឍន៍ដំណាំកសិ-ឧស្សាហកម្មនៅតាមបណ្តោយផ្លូវជាតិលេខ៤
260 _aPhnom Penh
_bRUA
_c1995
300 _a68p.
_bill.
_c29cm.
942 _2ddc
_cAGR
999 _c250
_d250